[Event "Bayern-chI Bank Hofmann 20th"]
[Site "Bad Wiessee"]
[Date "2016.10.30"]
[Round "2"]
[White "Ranft, Steffen"]
[Black "Nisipeanu, Liviu Dieter"]
[Result "0-1"]
[WhiteElo "2124"]
[BlackElo "2687"]
[PlyCount "58"]
[EventDate "2016.10.29"]
[EventType "swiss"]
[EventRounds "9"]
[EventCountry "GER"]
[SourceTitle "CBM 175 Extra"]
[Source "ChessBase"]
[SourceDate "2016.12.12"]
[SourceVersion "1"]
[SourceVersionDate "2016.12.12"]
[SourceQuality "1"]

1. e4 e5 2. Nf3 d6 3. Bc4 Be7 4. 0-0 Nf6 5. d3 0-0 6. Nc3 c6 7. Bb3 Nbd7 8. h3 Nc5 9. Re1 a5 10. Be3 a4 11. Bxc5 axb3 12. Be3 d5 13. exd5 cxd5 14. Bg5 d4 15. Bxf6 Bxf6 16. Ne4 bxa2 17. Nxf6+ gxf6 18. Nh2 Kh8 19. Qh5 Rg8 20. f4 Be6 21. Nf3 Rc8 22. Re2 e4 23. dxe4 d3 24. cxd3 Qxd3 25. Nh4 Qb1+ 26. Re1 Qxb2 27. f5 Rc2 28. Qf3 Bc4 29. Kh1 Rf2 0-1

[Event "Bayern-chI Bank Hofmann 12th"]
[Site "Bad Wiessee"]
[Date "2008.11.06"]
[Round "6"]
[White "Ranft, Steffen"]
[Black "Mons, Leon"]
[Result "0-1"]
[WhiteElo "2222"]
[BlackElo "2082"]
[PlyCount "80"]
[EventDate "2008.11.01"]
[EventType "swiss"]
[EventRounds "9"]
[EventCountry "GER"]
[SourceTitle "EXT 2009"]
[Source "ChessBase"]
[SourceDate "2008.11.26"]
[SourceVersion "1"]
[SourceVersionDate "2008.11.26"]
[SourceQuality "1"]

1. d4 g6 2. e4 Bg7 3. Nf3 d6 4. Bd3 Nf6 5. h3 0-0 6. 0-0 Nc6 7. c3 e5 8. Nbd2 h6 9. Re1 Nh5 10. Nc4 exd4 11. cxd4 Nxd4 12. Nxd4 Bxd4 13. Bxh6 Bg7 14. Qd2 Bxh6 15. Qxh6 Qf6 16. Ne3 c6 17. Nf5 Ng7 18. g4 Ne8 19. e5 dxe5 20. g5 Qe6 21. Re4 gxf5 22. g6 Qxg6+ 23. Rg4 fxg4 24. Bxg6 fxg6 25. Qxg6+ Ng7 26. Re1 Bf5 27. Qg5 gxh3 28. Kh2 Rae8 29. Rg1 Rf7 30. Qh6 Re6 31. Qh4 Ref6 32. Rd1 Rf8 33. Rd2 Be6 34. b3 Rg6 35. f3 Rxf3 36. Rd8+ Kf7 37. Rd2 Rf4 38. Qe1 Rg5 39. Rf2 Rxf2+ 40. Qxf2+ Kg8 0-1

[Event "Leipzig VfB op 15th"]
[Site "Leipzig"]
[Date "2008.02.27"]
[Round "2"]
[White "Ziese, Gerhard"]
[Black "Ranft, Steffen"]
[Result "0-1"]
[WhiteElo "2030"]
[BlackElo "2203"]
[PlyCount "114"]
[EventDate "2008.02.26"]
[EventType "swiss"]
[EventRounds "9"]
[EventCountry "GER"]
[SourceTitle "CBM 123 Extra"]
[Source "ChessBase"]
[SourceDate "2008.05.06"]
[SourceVersion "1"]
[SourceVersionDate "2008.05.06"]
[SourceQuality "1"]

1. e4 c5 2. Nf3 d6 3. d4 cxd4 4. Nxd4 Nf6 5. Nc3 a6 6. Be3 e6 7. f3 Be7 8. Qd2 0-0 9. 0-0-0 b5 10. g4 Bb7 11. g5 Nfd7 12. h4 Nc6 13. Nce2 Nde5 14. Nxc6 Nxc6 15. Kb1 Qa5 16. Qxa5 Nxa5 17. Nd4 Rac8 18. Rh2 Nc4 19. Bxc4 Rxc4 20. Rhd2 d5 21. e5 b4 22. f4 Rfc8 23. h5 a5 24. Rg1 g6 25. Rh1 Bf8 26. Rdh2 Bg7 27. Rd1 Ba6 28. Rdh1 a4 29. Rd2 a3 30. Rdh2 axb2 31. Kxb2 Rc3 32. Bf2 Ra3 33. Rh3 Rxh3 34. Rxh3 Bc4 35. hxg6 hxg6 36. Nb3 Bf8 37. Bd4 Bb5 38. c3 Rc4 39. Rf3 Ba4 40. Rf2 bxc3+ 41. Bxc3 Be7 42. Rf3 Re4 43. Nd2 Re2 44. Ba5 Bc5 45. Kc1 d4 46. Nb3 Ba3+ 47. Kb1 Rb2+ 48. Ka1 Rh2 49. Nd2 Bc1 50. Nb3 Bb2+ 51. Kb1 Bc6 52. Bd2 Bxf3 53. Kxb2 Bd5 54. Kc2 Be4+ 55. Kb2 Kf8 56. Ka3 Ke8 57. Bb4 d3 0-1

[Event "Leutersdorf Muench Braeu op 08th"]
[Site "Leutersdorf"]
[Date "2003.02.15"]
[Round "7"]
[White "Ranft, Steffen"]
[Black "Becker, Martin Alexander"]
[Result "1/2-1/2"]
[WhiteElo "2066"]
[BlackElo "2187"]
[PlyCount "81"]
[EventDate "2003.02.12"]
[EventType "swiss"]
[EventRounds "9"]
[EventCountry "GER"]
[SourceTitle "CBM 092 Extra"]
[Source "ChessBase"]
[SourceDate "2003.03.07"]
[SourceVersion "1"]
[SourceVersionDate "2003.03.07"]
[SourceQuality "1"]

1. d4 Nf6 2. Nf3 e6 3. c4 b6 4. g3 Ba6 5. Qc2 c5 6. Bg2 Bb7 7. 0-0 Be7 8. dxc5 bxc5 9. Nc3 0-0 10. Bg5 Nc6 11. Rad1 d6 12. Bxf6 Bxf6 13. Ne4 Nb4 14. Nxf6+ Qxf6 15. Qb1 Rfd8 16. Nd2 d5 17. a3 Nc6 18. cxd5 exd5 19. Nf3 Ba6 20. Rd2 Rab8 21. Rfd1 d4 22. Qc2 c4 23. Nh4 d3 24. exd3 Nd4 25. Qa4 cxd3 26. Be4 g5 27. Ng2 Nf3+ 28. Bxf3 Rd4 29. Qc6 Rd6 30. Qc5 Rb5 31. Qe3 Re5 32. Qxa7 Qxf3 33. Qb8+ Kg7 34. Qxd6 Bb7 35. Qxe5+ Kh6 36. Qd6+ f6 37. Qf8+ Kg6 38. Qe8+ Kh6 39. Qf8+ Kg6 40. Qg8+ Kh6 41. Qf8+ 1/2-1/2

[Event "Leutersdorf Muench Braeu op 08th"]
[Site "Leutersdorf"]
[Date "2003.02.15"]
[Round "8"]
[White "Vogt, Lothar"]
[Black "Ranft, Steffen"]
[Result "1-0"]
[WhiteElo "2479"]
[BlackElo "2066"]
[PlyCount "39"]
[EventDate "2003.02.12"]
[EventType "swiss"]
[EventRounds "9"]
[EventCountry "GER"]
[SourceTitle "CBM 092 Extra"]
[Source "ChessBase"]
[SourceDate "2003.03.07"]
[SourceVersion "1"]
[SourceVersionDate "2003.03.07"]
[SourceQuality "1"]

1. e4 c5 2. Nf3 Nc6 3. Bb5 g6 4. Bxc6 dxc6 5. Nc3 Nf6 6. h3 Bg7 7. d3 0-0 8. 0-0 b6 9. Be3 Qc7 10. Qd2 Re8 11. Nh2 e5 12. f4 Nh5 13. f5 gxf5 14. exf5 Ng3 15. f6 Nxf1 16. Rxf1 Bf8 17. Ne4 Kh8 18. Qe2 Be6 19. Qh5 Bd5 20. Ng5 1-0

[Event "Leutersdorf Muench Braeu op 08th"]
[Site "Leutersdorf"]
[Date "2003.02.12"]
[Round "2"]
[White "Ranft, Steffen"]
[Black "Eichner, Sebastian"]
[Result "0-1"]
[WhiteElo "2066"]
[BlackElo "2298"]
[PlyCount "72"]
[EventDate "2003.02.12"]
[EventType "swiss"]
[EventRounds "9"]
[EventCountry "GER"]
[SourceTitle "CBM 092 Extra"]
[Source "ChessBase"]
[SourceDate "2003.03.07"]
[SourceVersion "1"]
[SourceVersionDate "2003.03.07"]
[SourceQuality "1"]

1. d4 e6 2. e4 b6 3. Bd3 Bb7 4. Nf3 c5 5. Nc3 cxd4 6. Nxd4 a6 7. 0-0 Qc7 8. Kh1 Nc6 9. Nxc6 Qxc6 10. Qe2 Nf6 11. f3 d6 12. Bg5 Be7 13. Rac1 h6 14. Be3 Nd7 15. Bd4 Bf6 16. Bxf6 gxf6 17. Nd5 h5 18. f4 Qc8 19. Ne3 Ke7 20. f5 Qc5 21. Qf2 Rag8 22. Qh4 Rg5 23. Rf3 Ne5 24. Rcf1 Rhg8 25. Qf4 Rf8 26. b3 Ng4 27. fxe6 fxe6 28. a4 Nxe3 29. Rxe3 e5 30. Qf2 f5 31. b4 Qxb4 32. Qh4 Rfg8 33. Rxf5 Qd2 34. Rg3 Qe1+ 35. Bf1 Bxe4 36. Rgxg5 Qxh4 0-1

[Event "Wernigerode op-A 7th"]
[Site "Wernigerode"]
[Date "1998.10.17"]
[Round "6"]
[White "Ranft, Steffen"]
[Black "Hoennekes, Klaus"]
[Result "1-0"]
[WhiteElo "2115"]
[BlackElo "2160"]
[PlyCount "69"]
[EventDate "1998.10.15"]
[EventType "swiss"]
[EventRounds "7"]
[EventCountry "GER"]
[SourceTitle "EXT 2020"]
[Source "ChessBase"]
[SourceDate "2019.10.17"]
[SourceVersion "1"]
[SourceVersionDate "2019.10.17"]
[SourceQuality "1"]

1. d4 f5 2. c4 g6 3. h4 Nf6 4. h5 Bg7 5. h6 Bf8 6. Nc3 d6 7. Bg5 e6 8. e4 fxe4 9. Bxf6 Qxf6 10. Nxe4 Qd8 11. Nf3 Be7 12. Qc2 Nd7 13. Bd3 Nf8 14. 0-0-0 c6 15. Kb1 Rg8 16. c5 d5 17. Nd6+ Bxd6 18. cxd6 Qxd6 19. Ne5 Qe7 20. Nxc6 Qc7 21. Ne5 Qxc2+ 22. Bxc2 Nd7 23. Bxg6+ Ke7 24. Bxh7 Rxg2 25. Rdg1 Rxf2 26. Nxd7 Bxd7 27. Rg8 Raf8 28. Rg7+ Kd6 29. Bg6 Rh8 30. h7 Rff8 31. Rg1 b6 32. Bd3 Be8 33. Rg8 Bf7 34. Rxf8 Rxf8 35. Rg7 1-0

[Event "Wernigerode op-A 7th"]
[Site "Wernigerode"]
[Date "1998.10.16"]
[Round "3"]
[White "Steffen, Rico"]
[Black "Ranft, Steffen"]
[Result "1/2-1/2"]
[WhiteElo "1865"]
[BlackElo "2115"]
[PlyCount "52"]
[EventDate "1998.10.15"]
[EventType "swiss"]
[EventRounds "7"]
[EventCountry "GER"]
[SourceTitle "EXT 2020"]
[Source "ChessBase"]
[SourceDate "2019.10.17"]
[SourceVersion "1"]
[SourceVersionDate "2019.10.17"]
[SourceQuality "1"]

1. d4 Nf6 2. c4 c5 3. d5 e6 4. Nc3 exd5 5. cxd5 d6 6. Nf3 g6 7. Nd2 a6 8. a4 Nbd7 9. Nc4 Nb6 10. Na3 Bd7 11. Bg5 h6 12. Bh4 g5 13. Bg3 Nh5 14. e3 Nxg3 15. hxg3 Bg7 16. a5 Nc8 17. Nc4 Bb5 18. Be2 Bxc4 19. Bxc4 b5 20. axb6 Qxb6 21. Bb5+ Kf8 22. Qd3 Ne7 23. 0-0 Ng6 24. Rxa6 Rxa6 25. Bxa6 Qxb2 26. Rb1 Qxc3 1/2-1/2

[Event "Wernigerode op-A 7th"]
[Site "Wernigerode"]
[Date "1998.10.15"]
[Round "2"]
[White "Ranft, Steffen"]
[Black "Werner, Bernd Michael"]
[Result "0-1"]
[WhiteElo "2115"]
[BlackElo "2140"]
[PlyCount "80"]
[EventDate "1998.10.15"]
[EventType "swiss"]
[EventRounds "7"]
[EventCountry "GER"]
[SourceTitle "EXT 2020"]
[Source "ChessBase"]
[SourceDate "2019.10.17"]
[SourceVersion "1"]
[SourceVersionDate "2019.10.17"]
[SourceQuality "1"]

1. d4 Nf6 2. Nf3 g6 3. c4 Bg7 4. Nc3 d6 5. e4 0-0 6. Be2 e5 7. 0-0 Nc6 8. d5 Ne7 9. b4 Ne8 10. Bg5 h6 11. Bd2 f5 12. Rc1 f4 13. Ne1 Nf6 14. Nd3 g5 15. f3 Rf7 16. c5 Ng6 17. a4 Bf8 18. cxd6 Bxd6 19. Nb5 h5 20. Nc5 Nf8 21. a5 b6 22. Nxd6 cxd6 23. Na4 Bd7 24. axb6 axb6 25. Nc3 Qe8 26. Ra1 Rb8 27. Be1 Rg7 28. Qd3 g4 29. Nb5 gxf3 30. Rxf3 Qg6 31. Bf1 Nxe4 32. Kh1 Nh7 33. Nc3 Bf5 34. Qd1 Nhg5 35. Rd3 f3 36. Rxf3 Nxf3 37. Qxf3 Rf8 38. Bh4 Nxc3 39. Qxc3 Be4 40. Qg3 Qf5 0-1